Fr. Conceicao Rodrigues College of Engineering

Electroplating Engineers Handbook (Record no. 33898)

MARC details
000 -LEADER
fixed length control field 00338nam a2200145Ia 4500
082 ## - DEWEY DECIMAL CLASSIFICATION NUMBER
Classification number 671.7
100 ## - MAIN ENTRY--PERSONAL NAME
Personal name Graham/A.K
245 ## - TITLE STATEMENT
Title Electroplating Engineers Handbook
260 ## - PUBLICATION, DISTRIBUTION, ETC.
Name of publisher, distributor, etc. Van nostand rainhold co.
Place of publication, distribution, etc. NEWYORK
Date of publication, distribution, etc. 1971
300 ## - PHYSICAL DESCRIPTION
Extent 845
546 ## - LANGUAGE NOTE
Language note ENGLISH
650 ## - SUBJECT ADDED ENTRY--TOPICAL TERM
Topical term or geographic name entry element Electrical Engineering
654 ## - SUBJECT ADDED ENTRY--FACETED TOPICAL TERMS
Focus term Handbook
942 ## - ADDED ENTRY ELEMENTS (KOHA)
Koha item type BOOK
Holdings
Withdrawn status Lost status Damaged status Not for loan Collection Home library Current library Date acquired Cost, normal purchase price Inventory number Total Checkouts Full call number Barcode Date last seen Cost, replacement price Price effective from Koha item type
        AFT Fr. Agnel's C.Rodrigues College of Engineering Fr. Agnel's C.Rodrigues College of Engineering 17/03/2023 315.25 IBL:6727   671.7 AFT1880 17/03/2023 315.25 17/03/2023 BOOK